000 00338nam a22001337a 4500
005 20250901165813.0
008 250328b |||||||| |||| 00| 0 eng d
020 _a9966962298
050 _aPL 8704 .M34 2007
245 _aMsimu wa tisa
_cKithaka wa Mberia
260 _aNairobi:
_bMarimba,
_c2007.
300 _a101p.:
_c18 cm.
942 _2lcc
999 _c9439
_d9439